| 000 | 00997nam a2200325 i 4500 | ||
|---|---|---|---|
| 999 |
_c200443940 _d62152 |
||
| 001 | 200443940 | ||
| 003 | TR-AnTOB | ||
| 005 | 20230210090424.0 | ||
| 007 | ta | ||
| 008 | 781013s1991 tu b 000 0 tur d | ||
| 035 | _a(TR-AnTOB)200443940 | ||
| 040 |
_aTR-AnTOB _beng _erda _cTR-AnTOB |
||
| 041 | 0 | _atur | |
| 050 | 1 | 4 |
_aTP440 _b.Y37 1991 |
| 090 |
_aTOBBK TP440 _b.Y37 1991 |
||
| 245 | 1 | 0 |
_aYaş meyve ve sebze paketlemesi el kitabı / _cHaz. Cengiz Türkay. |
| 264 | 1 |
_aAnkara : _bİGEME, _c1991. |
|
| 300 |
_a161 pages ; _c25 cm |
||
| 336 |
_atext _btxt _2rdacontent |
||
| 337 |
_aunmediated _bn _2rdamedia |
||
| 338 |
_avolume _bnc _2rdacarrier |
||
| 504 | _aBIB | ||
| 650 | 7 |
_aMeyve _xAmbalajlama _2etuturkob _9132876 |
|
| 650 | 7 |
_aSebzeler _xAmbalajlama _2etuturkob _9132877 |
|
| 700 | 1 |
_aTürkay, Cengiz _eeditor _9130472 |
|
| 710 | 2 |
_aİhracatı Geliştirme Etüd Merkezi (Turkey) _918691 |
|
| 942 |
_2z _cBK |
||